000 00646nam a22002297a 4500
005 20140310183634.0
008 131123b xxu||||| |||| 00| 0 eng d
020 _a9780071809276
050 _aTK 5105.888
_b.H967 2013
100 _aWilliam, Wendy.
245 _aHTML :
_ba beginner's guide /
_cWendy Willard.
250 _a5th ed.
260 _aBerkeley, Calif. :
_bOsborne/McGraw-Hill,
_c2013.
300 _a488 p.
504 _aIncludes Index.
521 _aIT
650 _aHTML (Document markup language)
650 _aCOMPUTERS
_xData Processing.
650 _aElectronic books.
942 _2lcc
_cBK
_kFOR
999 _c25668
_d25668